01217nas a2200265Ia 4500001001100000003000900011008004100020040001300061040001300074041001200087100004800099210002900147222002900176245006100205250001100266260004000277501008600317300002000403362002600423500021600449650003900665942000700704999001900711952022100730R707/F7332IT-RoPAU151124c99999999xx |||||||||||| ||und|| aIT-RoPAU cIT-RoPAU aTEDESCO aGeninasca JacquesgCodice Aut. SPICS: 6190 aZEITSCHRIFT FUR SEMIOTIK aZeitschrift Fur Semiotik aZEITSCHRIFT FUR SEMIOTIK, VOL. 20-N.3/4 (1998)bWas Nun? a1a ed. aTUBINGENbSTAUFFENBURG VERLAGc1998 bPaulus - SPICS - Società San Paolo EM (non-commercial uses only)cCopyright2015 a14 p. [341-354] aVOL. 20, N.3/4 (1998) aDiscussione su Greimas e la Traiettoria. Critica del Modello della Traiettoria, della Teoria Semiotica di Greimas. Convertibilità dei Vari Livelli di Significato nel Discorso: Costituzione. Critica e Proposta. aSEMIOTICAvPUBBLICAZIONE PERIODICA cCR c181585d181585 0010406R_707_000000000000000_F733271aSPICSbSPICSd2015-11-25l0oR707/F7332r2015-11-25 00:00:00w2015-11-25yCRzProgr. Ins: 92921 / Copia rara: NO / date import: 25.11.2015 / By Epidotti, Trombetti, Vaglietti